|
|
|
|
| LEADER |
01151nam a22002417a 4500 |
| 001 |
AAL9637 |
| 003 |
BD-DhAAL |
| 005 |
20180710110709.0 |
| 008 |
180710b2014 B ||||| |||| 00| 0bB d |
| 999 |
|
|
|c 39639
|d 39639
|
| 020 |
|
|
|a 9789849070535
|
| 040 |
|
|
|a BD-DhAAL
|c BD-DhAAL
|
| 082 |
|
|
|a 398/.042/095492
|
| 100 |
|
|
|a সেজুতি, মাফরুহা হোসেন
|9 26840
|
| 245 |
|
|
|a বাংলা গানের ঐতিহ্য বিষয় ও রূপবৈচিত্র্য /
|c মাফরুহা হোসেন সেজুতি
|
| 260 |
|
|
|a ঢাকা :
|b মাওলা ব্রাদার্স,
|c ২০১৪
|
| 300 |
|
|
|a ৬০৭ পৃ. ;
|c ২২ সে.মি.
|
| 504 |
|
|
|6 গ্রন্থপঞ্জি অন্তর্ভূত
|
| 541 |
|
|
|e ৯৬৩৭
|
| 650 |
|
|
|a Folk songs, Bengali
|z Bangladesh
|9 26841
|
| 852 |
|
|
|a Savar Campus Library
|c General Shelf
|
| 942 |
|
|
|2 ddc
|c BK
|
| 952 |
|
|
|0 0
|1 0
|2 ddc
|4 0
|6 398_000000000000000__042_095492_SHE
|7 0
|9 63664
|a SCL
|b SCL
|c GEN
|d 2018-07-10
|e Development Book Agency
|g 585.00
|l 3
|m 2
|o 398.042095492 SHE
|p 3020009637
|r 2024-04-02
|s 2023-11-10
|t 1
|w 2018-07-10
|y BK
|